000 01180nam a2200301 4500
001 0000018413
003 CO-CtgCURN
005 20250331185141.0
007 ta
008 160627s1996 000 0 eng d
020 _a9701016459
040 _aCO-CtgCURN
_bspa
_ccoctgcurn
082 0 _a610.73
_bH81l
100 1 _aHuber, Diane.
245 1 0 _aLiderazgo y Administración en enfermeria /
_cDiane Hubert , traductora Martha Castilleja Mendieta.
260 _aMexico :
_bMcGraw-Hill Interamericana,
_c1996.
300 _axix, 647 p.
336 _2rdacontent
337 _2rdamedia
_asin mediacion
_bn
338 _2rdacarrier
_avolumen
_bnc
500 _aIncluye indice\Titulo original. Leadership and nursing care management.
505 8 _aContenido: El ambiemte.--Marco para el liderazgo y la dirección.--Planeacion de la Administración en enfermeria.--Diseño organizativo y gobierno en enfermeria.--Dirigiendo a profesionales y su practica
650 1 4 _aLiderazgo.
700 1 _aI.Castilleja Mendieta, Martha,
_eTraductor.
908 _a160627
942 _cBK
_h610.73
_iH81l
_2ddc
999 _c21364
_d21364